000 00707nam a2200265 i 4500
001 C2-0244904
003 PPAK
005 20180727210032.0
008 030130s si a|||| ||||| | eng d
020 _a9813018402
040 _aPPAK
_beng
_cPPAK
_erda
082 0 4 _a959.5003
_223
090 0 0 _a959.5003
_bPLA
_dKK
090 0 0 _a959.5003
_bPLA
_dR
245 0 0 _aPlants
264 1 _aSingapore :
_bArchipelago Press ,
300 _a144 pages :
_bcolour illustrations ;
_c30 cm
336 _2rdacontent
_atext
337 _2rdamedia
_aunmediated
338 _2rdacarrier
_avolume
500 _aVolume 2
650 1 0 _aMalaysia - Encyclopedias
700 1 _aSoepadmo, E., Dr,
_eeditor
942 _ddc
_cB
999 _c59057
_d59057